Coldplayn singlet - Statistics

Yleistilastot
  • Tätä visaa on pelattu 9 kertaa
  • Keskiarvotulos 10 / 49
Vastaustilastot
Julkaisuvuosi Kappale % Oikein
2000 Yellow
88%
2014 A Sky Full of Stars
75%
2003 Clocks
75%
2011 Paradise
75%
2008 Viva la Vida
75%
2021 Higher Power
63%
2021 My Universe
63%
2005 Fix You
50%
2016 Hymn for the Weekend
50%
2015 Adventure of a Lifetime
38%
2024 feelslikeimfallinginlove
38%
2014 Magic
38%
2017 Something Just Like This
38%
2002 The Scientist
38%
2012 Charlie Brown
25%
2022 Let Somebody Go
25%
2019 Orphans
25%
2012 Princess of China
25%
2020 Champion of the World
13%
2021 Coloratura
13%
2001 Don't Panic
13%
2019 Everyday Life
13%
2000 Trouble
13%
2008 Violet Hill
13%
2003 2000 Miles
0%
2016 A Head Full of Dreams
0%
2019 Arabesque
0%
2013 Atlas
0%
1999 Brothers & Sisters
0%
2010 Christmas Lights
0%
2016 Everyglow
0%
2011 Every Teardrop Is a Waterfall
0%
2003 God Put a Smile upon My Face
0%
2014 Ink
0%
2002 In My Place
0%
2009 Life in Technicolour II
0%
2008 Lost!
0%
2008 Lovers in Japan
0%
2014 Midnight
0%
2017 Miracles (Something Special)
0%
2004 Moses
0%
2000 Shiver
0%
2005 Speed of Sound
0%
2009 Strawberry Swing
0%
2005 Talk
0%
2006 The Hardest Part
0%
2014 True Love
0%
2016 Up&Up
0%
2006 What If
0%
Ehtoja vastaavia visoja ei löytynyt
Tulosjakauma
Jokaisen tuloksen saaneiden osuus
Persentiili vastausten määrän mukaan
Tuloshistoriasi
Et ole pelannut tätä visaa